| 000 | 02052cam a22004574i 4500 | ||
|---|---|---|---|
| 003 | PE-LiUPU | ||
| 005 | 20250731165411.0 | ||
| 008 | 151022s2013 pe a grm 000 0 spa d | ||
| 035 | _a(Sirsi) a155056 | ||
| 040 |
_aPE-LiUPU _bspa _cPE-LiUPU _erda |
||
| 099 |
_aTNH 2 _bB31 2013 |
||
| 100 | 1 |
_aBrañes Hermitaño, Daisy Danitza _eautor |
|
| 245 | 1 |
_aEfectividad del programa "Ally Micuy" en la mejora del estado nutricional de las niñas y niños menores de 36 meses del Distrito de Chacas Región Ancash - 2010 / _cDaisy Danitza Brañes Hermitaño. |
|
| 264 | 0 | _c2013. | |
| 300 |
_a91 hojas : _bilustraciones; _c30 cm |
||
| 336 |
_atext _2rdacontent |
||
| 337 |
_aunmediated _2rdamedia |
||
| 338 |
_avolume _2rdacarrier |
||
| 502 |
_aTesis _b(Lic.) -- _cUniversidad Peruana Unión, _d2013. |
||
| 504 | _aIncluye referencias | ||
| 520 | 3 | _aEl presente estudio de investigación de enfoque cuantitativo, de diseño pre-experimental; fue aplicado a 122 niños y niñas menores de 32 meses del distrito de Chacas, Región Ancash. Para la recolección de datos se aplicó la ficha de seguimiento para niños y niñas donde se recogieron datos antropométricos (talla/edad), nivel de hemoglobina (g/dl) y nivel de conocimiento de las madres al aplicar el programa "Ally Micuy" se buscó mejorar el nivel de conocimiento de las madres beneficiarias, mediante diversos temas educativos para el cuidado en la alimentación de las niñas y niños. | |
| 526 | _aSEG44 | ||
| 526 | _aSEG26 | ||
| 526 | _aP151 | ||
| 526 | _aP150 | ||
| 526 | _aP149 | ||
| 526 | _aP146 | ||
| 526 | _aP145 | ||
| 526 | _aP126 | ||
| 526 | _aP125 | ||
| 526 | _aP92 | ||
| 526 | _aP75 | ||
| 526 | _aP74 | ||
| 526 | _aP27 | ||
| 526 | _aP15 | ||
| 650 | 0 | 4 |
_aNiños _xNutrición _xPlanes y programas |
| 700 | 1 |
_aChávez Gómez, Rosita Asunción _eautor |
|
| 596 | _a1 | ||
| 942 |
_2ddc _cTESIS |
||
| 999 |
_aTNH 2 B31 2013 _wALPHANUM _c7748 _iT01366 _lCCODEBUL3 _mBUL _r1 _sY _tTESIS _u2015-10-22 _xSALUD _PP31 _o.STAFF. Tesis _d7748 |
||
| 980 |
_81 _gALBERTO SANCHEZ Responsable de Automatización |
||